| 000 | 00806cam a2200241 4500 | ||
|---|---|---|---|
| 001 | ABS61594 | ||
| 008 | 000000n1999 000 0 eng u | ||
| 035 | _a(Sirsi) u102965 | ||
| 100 | _aCatalano, A. | ||
| 245 | _aFocused groups profit | ||
| 260 | _c1999 | ||
| 490 |
_aEstates Gazette _v(9947) 27 November 1999, 56-60(5) |
||
| 520 | _aThe second of two articles setting out the Estates Gazette Top 100 surveying firms, this time ranked by total number of UK staff, as well as 20 ranked by profit, and 10 ranked by number of UK offices. | ||
| 590 | _aABS | ||
| 650 | _aRANKINGS | ||
| 650 | _aLEAGUE TABLES | ||
| 650 | _aSURVEYING FIRMS | ||
| 650 | _aSTAFFING LEVELS | ||
| 650 | _aPROFIT | ||
| 650 | _aOFFICES | ||
| 690 | _aMANAGEMENT-BUSINESS MANAGEMENT-PROFESSIONAL PRACTICE | ||
| 942 | _n0 | ||
| 999 |
_c61864 _d61864 |
||